| Tag |
First Indicator |
Second Indicator |
Subfields |
| LEADER |
00000cam a2200000Ii 4500 |
| 001 |
in00001822016 |
| 005 |
20151026053624.0 |
| 008 |
791004s1977 ru 000 0 rusr |
| 010 |
|
|
|a 78411233
|
| 015 |
|
|
|a USSR77
|
| 020 |
|
|
|c 3.70rub
|
| 035 |
|
|
|a (OCoLC)ocm05465050
|
| 040 |
|
|
|a DLC
|c IUL
|d IUL
|d OCLCQ
|d TXA
|d UtOrBLW
|
| 041 |
0 |
|
|a ger
|a rus
|
| 049 |
|
|
|a TXAM
|
| 050 |
0 |
0 |
|a Z118
|b .N44
|
| 245 |
0 |
0 |
|a Nemet︠s︡ko-russkiĭ slovarʹ po poligrafii i izdatelʹskomu delu =
|b Deutsch-russisches Wörterbuch für Polygraphie und Verlagswesen : Okolo 28 000 terminov /
|c [P.F. Chekryzhov, A.G. Chernysheva, N.P. Sokolova and others] ; Pod red. dot︠s︡., kand. tekhn. nauk A.N. Chernysheva.
|
| 246 |
3 |
1 |
|a Deutsch-russisches Wörterbuch für Polygraphie und Verlagswesen
|
| 264 |
|
1 |
|a Moskva :
|b Rus. i︠a︡z,
|c 1977.
|
| 300 |
|
|
|a 448 pages ;
|c 21 cm.
|
| 336 |
|
|
|a text
|b txt
|2 rdacontent
|
| 337 |
|
|
|a unmediated
|b n
|2 rdamedia
|
| 338 |
|
|
|a volume
|b nc
|2 rdacarrier
|
| 500 |
|
|
|a Russian in Cyrillic script.
|
| 650 |
|
0 |
|a Printing
|v Dictionaries
|x German.
|
| 650 |
|
0 |
|a Book industries and trade
|v Dictionaries
|x German.
|
| 650 |
|
0 |
|a Publishers and publishing
|v Dictionaries
|x German.
|
| 650 |
|
0 |
|a German language
|v Dictionaries
|x Russian.
|
| 700 |
1 |
|
|a Chekryzhov, Petr Fedoseevich.
|
| 700 |
1 |
|
|a Chernyshev, Aleksandr Nikolaevich.
|
| 740 |
0 |
|
|a Deutsch-russisches Wörterbuch für Polygraphie und Verlagswesen.
|
| 948 |
|
|
|a cataloged
|b h
|c 2004/4/6
|d c
|e tchubaryan
|f 11:34:06 am
|
| 994 |
|
|
|a E0
|b TXA
|
| 999 |
|
|
|a MARS
|
| 999 |
f |
f |
|s 8179f915-ec9b-3c29-a1e4-e8728cc83610
|i e1c9ce61-c083-397f-91b8-6fef0b2b929f
|t 0
|
| 952 |
f |
f |
|p ric
|a Texas A&M University
|b Rellis Campus
|c Joint Library Facility
|d Remote Storage
|t 0
|e Z118 .N44
|h Library of Congress classification
|i unmediated -- volume
|m A14831079916
|
| 998 |
f |
f |
|a Z118 .N44
|t 0
|l Remote Storage
|